Immigration by Country to Kuwait 🇰🇼 - Statistics

General Stats
  • This quiz has been taken 57 times
  • The average score is 16 of 19
Answer Stats
# Country % Correct
1,050,000 India
100%
21,000 Iraq
98%
102,000 Pakistan
98%
133,530 Saudi Arabia
95%
680,000 Egypt
93%
51,000 Iran
93%
170,000 Syria
91%
190,000 Bangladesh
88%
35,000 Jordan
84%
30,000 United States
84%
109,720 Lebanon
81%
97,000 Sri Lanka
79%
28,550 Indonesia
77%
15,900 Afghanistan
74%
105,212 Nepal
72%
250,000 Philippines
70%
74,000 Ethiopia
67%
90,000 Palestine
63%
1,294,513 Kuwait
53%
No matching quizzes found
Score Distribution
Percent of People with Each Score
Percentile by Number Answered
Your Score History
You have not taken this quiz